| 000 -LEADER |
| fixed length control field |
01129nam a22002417a 4500 |
| 003 - CONTROL NUMBER IDENTIFIER |
| control field |
OSt |
| 005 - DATE AND TIME OF LATEST TRANSACTION |
| control field |
20230822113251.0 |
| 008 - FIXED-LENGTH DATA ELEMENTS--GENERAL INFORMATION |
| fixed length control field |
230822b ||||| |||| 00| 0 eng d |
| 020 ## - INTERNATIONAL STANDARD BOOK NUMBER |
| International Standard Book Number |
9780134662145 |
| 040 ## - CATALOGING SOURCE |
| Transcribing agency |
KH8 |
| 082 ## - DEWEY DECIMAL CLASSIFICATION NUMBER |
| Classification number |
428.24 BAR |
| 100 ## - MAIN ENTRY--PERSONAL NAME |
| Personal name |
Barton, Laurie, |
| Relator term |
author. |
| 245 ## - TITLE STATEMENT |
| Title |
Northstar |
| Remainder of title |
Reading and Writing 3 / |
| Statement of responsibility, etc. |
Laurie Barton. |
| 250 ## - EDITION STATEMENT |
| Edition statement |
Fourth edition |
| 260 ## - PUBLICATION, DISTRIBUTION, ETC. |
| Place of publication, distribution, etc. |
New York: |
| Name of publisher, distributor, etc. |
Pearson Education; |
| Date of publication, distribution, etc. |
2017 |
| 300 ## - PHYSICAL DESCRIPTION |
| Extent |
232 pages: |
| Dimensions |
7.9 x 0.65 x 9.95 inches. |
| 520 ## - SUMMARY, ETC. |
| Summary, etc. |
NorthStar Reading and Writing 3 Student Book with Interactive Student Book access code and MyLab access code. The five-level Northstar series engages students through seamless integration of compelling print and online content and empowers them to achieve their academic and personal goals in order to meet the challenges of the 21st century. The Reading and Writing strand is designed to challenge students to move beyond basic comprehension to higher-level analysis. |
| 650 ## - SUBJECT ADDED ENTRY--TOPICAL TERM |
| Topical term or geographic name entry element |
English |
| Form subdivision |
Reading |
| 650 ## - SUBJECT ADDED ENTRY--TOPICAL TERM |
| Topical term or geographic name entry element |
English |
| Form subdivision |
Speaking |
| 650 ## - SUBJECT ADDED ENTRY--TOPICAL TERM |
| Topical term or geographic name entry element |
Speaking |
| Form subdivision |
Writing |
| 700 ## - ADDED ENTRY--PERSONAL NAME |
| Personal name |
Dupaquier, Carolyn, |
| Relator term |
author. |
| 942 ## - ADDED ENTRY ELEMENTS (KOHA) |
| Source of classification or shelving scheme |
|
| Koha item type |
Teaching Resources |